000 00838nam a2200277 i 4500
001 91817
003 ES-MaACL
005 20250905063045.0
007 t|
008 050222s2004 sp ||||1| spa d
020 _a84-609-0563-2
080 _a913(460.11)
080 _a929 Azaña, Manuel
080 _a94(460.11)"1931/39"
100 1 _aVillar, Arturo del,
_d1940-
_9115066
245 1 0 _aManuel Azaña en Galicia /
_cArturo del Villar.
260 _a[Madrid :
_bA. del Villar,
_c2004]
300 _a62 p. ;
_c21 cm.
490 1 _aFresdeval ;
_v1
600 1 4 _aAzaña, Manuel, 1880-1940-
_xViajes
_924228
651 4 _aGalicia-
_xDescripción.
_98726
651 4 _aGalicia-
_xHistoria-
_y1931-1939.
_98729
830 0 _aFresdeval ;
_v1
_9226391
852 _aES-MaACL
_jL-28869
_bR.135289
999 _c91817
_d91817